Normal view
MARC view
Entry Nombre corporativo
001 - NÚMERO DE CONTROL
- campo de control: 11685
003 - IDENTIFICADOR DE NÚMERO DE CONTROL
- campo de control: OSt
005 - FECHA Y HORA DE LA ÚLTIMA TRANSACCIÓN
- campo de control: 20221005155504.0
008 - ELEMENTOS DE DATO DE LONGITUD-FIJA
- campo de control de longitud fija: 221005|| aca||aabn | a|a d
040 ## - FUENTE DE CATALOGACIÓN
- Centro catalogador/agencia de origen: OSt
- Centro/agencia transcriptor: OSt
110 ## - ENCABEZAMIENTO-NOMBRE DE ENTIDAD CORPORATIVA
- Nombre de entidad corporativa o nombre de jurisdicción como elemento de entrada: JORNADAS DE SALUD Y MUJER.
- Unidad subordinada: <La> salud y las desigualdades sociales
- Número del congreso/reunión o número de parte o sección: 7
- Sede del congreso/Lugar de la reunión: Jerez de a Frontera
- Fecha del congreso o de la firma del tratado: 2003
670 ## - FUENTE DE DATOS ENCONTRADOS
- Cita de la fuente: Work cat.: (OSt)11735: JORNADAS DE SALUD Y MUJER. <La> salud y las desigualdades sociales 7 Jerez de a Frontera 2003, VII Jornadas de salud y mujer :, 2003